00319nam a2200109Ia 4500008004100000082000800041100001700049245002300066942000600089952009900095999001500194240331s9999 xx 000 0 und d bAPP aAppadourai,A 0aMoonram silambakam cL 001040708LaWERCLbWERCLcSSCd2024-03-31l0o 894.811 APPp1992r2024-03-31w2024-03-31yL c3808d3808